000 00685nam a2200253Ia 4500
003 OSt
005 20221006144551.0
006 a|||||r|||| 00| 0
007 ta
008 221006b |||||||| |||| 00| 0 eng d
020 _c7.30(each)
024 _a11,994
037 _cTextual
040 _aEASL
_cEASL
_beng
041 _2eng
_aeng
082 _aV41y7M98, M0-;2
100 _aHUA Hu
_9652281
245 0 _aEarly life of zoo e-mail
260 _aBeijing
_bForeign Languages Press
_c1980
300 _a106p.
_ccm.
700 _a XIAOYING Chen Tr.
_9652282
942 _hV41y7M98, M0-;2
_cTEXL
_2CC
999 _c1080080
_d1080080